000 01544nam a2200253 4500
999 _c63342
_d63342
003 Ge_BSU
005 20250922163217.0
008 250922s2006 ge ||||| |||| 00| 0 geo d
020 _a9994009338
041 _ageo
080 _a821.353.1-92 : 94(479.22) : 341.231(479.22) ხ-46
100 _aხეცურიანი, ჯონი
_925847
245 _aდამოუკიდებლობიდან სამართლებრივი სახელმწიფოსაკენ :
_bპუბლიცისტური წერილები, ინტერვიუები /
_c[რედ.: ირინა წიკლაური, ევა ჩიკაშუა].
264 _aთბ.,
_c2006.
300 _a454 გვ. :
_bფოტ. ;
_c23 სმ.
500 _aბიბლიოგრ. ტექსტ. შენიშვნ.
653 _aსაქართველოს უახლესი ისტორია
653 _a1991 წლის 9 აპრილი
653 _aსაქართველოს სახელმწიფოებრივი დამოუკიდებლობის აღდგენა.
653 _aსაქართველოში სამართლებრივი სახელმწიფოს მშენებლობა
700 _aწუკლაური, ირინა
_eრედაქტორი
_925848
700 _aჩიკაშუა, ევა
_eრედაქტორი
_94169
942 _2udc
_cᲬᲘᲒᲜᲘ